Min ḥadīth al-shiʻr wa-al-nathr / (Record no. 45149)

MARC details
000 -LEADER
fixed length control field 00618cam a22002051 4500
001 - CONTROL NUMBER
control field ne 62000893
003 - CONTROL NUMBER IDENTIFIER
control field DLC
005 - DATE AND TIME OF LATEST TRANSACTION
control field 20260227111736.0
008 - FIXED-LENGTH DATA ELEMENTS--GENERAL INFORMATION
fixed length control field 940204s1961 ua 000 0 ararc
010 ## - LIBRARY OF CONGRESS CONTROL NUMBER
LC control number ne 62000893
035 ## - SYSTEM CONTROL NUMBER
System control number (OCoLC)29748823
040 ## - CATALOGING SOURCE
Original cataloging agency Princeton Univ. Libr.
Transcribing agency CU
Modifying agency CU
-- DLC
042 ## - AUTHENTICATION CODE
Authentication code premarc
050 00 - LIBRARY OF CONGRESS CALL NUMBER
Classification number PJ7515
Item number .T32
100 1# - MAIN ENTRY--PERSONAL NAME
Personal name Ḥusayn, Ṭāhā,
Dates associated with a name 1889-1973.
245 10 - TITLE STATEMENT
Title Min ḥadīth al-shiʻr wa-al-nathr /
Statement of responsibility, etc. [taʼlīf] Ṭāha Ḥusayn.
260 ## - PUBLICATION, DISTRIBUTION, ETC.
Place of publication, distribution, etc. Miṣr :
Name of publisher, distributor, etc. Dār al-Maʻārif,
Date of publication, distribution, etc. 1961.
300 ## - PHYSICAL DESCRIPTION
Extent 174 p. ;
Dimensions 25 cm.
650 #0 - SUBJECT ADDED ENTRY--TOPICAL TERM
Topical term or geographic name entry element Arabic literature
General subdivision History and criticism.

No items available.

Powered by Koha